Statistics for Countries That Have Never Won Eurovision

Click here to take the quiz!

General Stats

  • This quiz has been taken 188 times
  • The average score is 21 of 25

Answer Stats

#BestCountry% Correct
402Cyprus
94%
297Slovenia
92%
233Romania
91%
1419San Marino
91%
142Bulgaria
90%
217North Macedonia
90%
718Slovakia
90%
205Albania
88%
292Croatia
88%
246Lithuania
88%
362Malta
88%
1213Montenegro
88%
166Belarus
87%
362Iceland
87%
612 (SF)Andorra
86%
174Hungary
86%
193Moldova
86%
262Poland
86%
193Bosnia and Herzegovina
85%
126Czech Republic
85%
169Georgia
84%
92Australia
83%
164Armenia
81%
118Morocco
75%
22Serbia and Montenegro
57%

Score Distribution

Percentile by Number Answered

Percent of People with Each Score

Your Score History

You have not taken this quiz